Famous kurdish People - Statistics

General Stats
  • This quiz has been taken 35 times
    3 since last reset
  • The average score is 13 of 21
Answer Stats
Hint Answer % Correct
Founder of the PKK terrorist organization. Abdullah Öcalan
100%
President of Kurdistan, the region from 2005 to 2017 Masoud Barzani
100%
Iraqi Kurdish nationalist leader and leader of the KDP from 1946-1979,father of #12 Mustafa Barzani
100%
Legendary commander and the first sultan of Syria and Egypt Saladin
100%
One of the most famous musical artists in the Kurdish language, he left his hometown of Viranşehir, Urfa and moved to Germany in 1976. Şıvan Perwer
100%
He is currently the tallest person on earth standing at 251 cm/8,3, he is from Mardin Sultan Kösen
100%
Famous singer and Saz player from Malatya. Ahmet Kaya
67%
German-born football player who used to play for Brighton and currently plays for Stuttgart. Deniz Undav
67%
President of Iraq from 2005 to 2014 Jalal Talabani
67%
Iranian imam who found the democratic union of Iranian Kurdistan. Qazi Muhammad
67%
Influential Islamic scholar. Known for writing the Risale İ Nur Said Nursi
67%
8th president and 26 prime minister of Türkiye Turgut Özal
67%
Turkish filmmaker, actor and poet. Played the main character in "Vizontele" Yılmaz Erdoğan
67%
Iranian politician and leader who was secretary general of KDPI. Abdul Rahman Ghassemlou
33%
One of the most famous writers and poets in the Kurdish language, originally from batman he spent most of his life in Syrian Kurdistan(rojava) Cigerxwîn
33%
Swiss-born striker who played for Galatasaray, Bayer Leverkusen and FC Basel Eren Derdiyok
33%
Famous Turkish pop singer who was born in Urfa but raised in Kocaeli. Ferhat Göçer
33%
Founder of Chobani yogurt company, originally from Erzincan. Hamdi Ulukaya
33%
Famous Arabesk singer who is also of Arab descent İbrahim Tatlıses
33%
Syrian midfielder who played for Borussia Dortmund Brighton and currently plays for Frankfurt Mahmoud Dahoud
33%
Internet sensation for sprinkling salt. His real name is Nusret Gökçe Salt Bae
33%
No matching quizzes found
Score Distribution
Percent of People with Each Score
Percentile by Number Answered
Your Score History
You have not taken this quiz since the last reset